| 000 | 00690cam a2200229Ka 4500 | ||
|---|---|---|---|
| 020 | _a0195077733 | ||
| 020 | _a9780195077735 | ||
| 020 | _a0195077725 (paper) | ||
| 020 | _a9780195077728 (paper) | ||
| 040 | _cBYU | ||
| 082 | 0 | 4 | _a338 OXF 1992 A075 Or. |
| 245 | 0 | 0 | _aHuman development report 1992 / |
| 260 |
_aNew York : _b[Oxford University Press] for the United Nations Development Programme (UNDP), _c1992 |
||
| 300 |
_aix, 216 p. : _bill. ; _c28 cm |
||
| 650 | 0 | _aHuman capital | |
| 650 | 0 | _aEconomic development | |
| 650 | 1 | 2 | _aHuman Development |
| 650 | 1 | 2 | _aDeveloping Countries |
| 650 | 0 | _aManpower policy | |
| 710 | 2 | _aUnited Nations Development Programme | |
| 942 | _cEK | ||
| 999 |
_c15302 _d15302 |
||